000 00513nam a22001695i 4500
001 54427
003 ES-MaACL
005 20230906162943.0
007 t|
008 960722s1880 fr a ||||1| fre d
040 _aCAM
_bspa
_cCAM
100 1 _aFort, Joseph Auguste.
_951835
245 1 0 _aCours de médecine opératoire ... /
_cpar J. A. Fort.
260 _aParis :
_bV. Adrien Delahaye et Cie.,
_c1880 (
_eCorbeil :
_fimp. de Crété)
300 _a[4], 404 p. :
_bil. ;
_c18 cm.
852 _aES-MaACL
_jG-10722
999 _c54427
_d54427